Indian education in times in times of global change / (Record no. 138566)

MARC details
000 -LEADER
fixed length control field 00600nam a22001937a 4500
005 - DATE AND TIME OF LATEST TRANSACTION
control field 20170330132732.0
010 ## - LCCN (DPL NO)
LC control number ENG-117648
020 ## - INTERNATIONAL STANDARD BOOK NUMBER
International Standard Book Number 9788175418523
Terms of availability 200.00
035 ## - SYSTEM CONTROL NUMBER
System control number EN-101180
037 ## - SOURCE OF ACQUISITION
Source of stock number/acquisition DABD/PUB
082 ## - DEWEY DECIMAL CLASSIFICATION NUMBER
Classification number 379.54
100 ## - MAIN ENTRY--PERSONAL NAME
Personal name Rajput, J.S.
245 ## - TITLE STATEMENT
Title Indian education in times in times of global change /
Statement of responsibility, etc by J. S. Rajput
260 ## - PUBLICATION, DISTRIBUTION, ETC. (IMPRINT)
Place of publication, distribution, etc New Delhi
Name of publisher, distributor, etc Shipra Publication
Date of publication, distribution, etc 2016
270 ## - ADDRESS
Address LG 18-19,Pankaj Central Market,I.P Ext.Patparganj
City Delhi
Postal code 110092
300 ## - PHYSICAL DESCRIPTION
Extent viii,292p.
Dimensions 23m(pbk)
500 ## - GENERAL NOTE
General note Includes index
942 ## - ADDED ENTRY ELEMENTS (KOHA)
Source of classification or shelving scheme Dewey Decimal Classification
Item type English Books
Classification part 379.54
Call number suffix RAJ
Holdings
Withdrawn status Lost status Not for loan Collection code Home library Current library Date acquired Source of acquisition Cost, normal purchase price Full call number Barcode Copy number Cost, replacement price Koha item type
      Non-fiction D.B.Act.Division Mobile Library 30/03/2017 DBAD/PUB 200.00 379.54 RAJ EN-101180 1 200.00 English Books

© Delhi Public Library
Hit Counter
free hit counter